书目信息 |
| 题名: |
汉语拼音正词法论文选
|
|
| 作者: | ;《汉语拼音正词法论文选》编辑组 编 | |
| 分册: | ||
| 出版信息: | 北京 文字改革出版社 1985.10 |
|
| 页数: | 312页 | |
| 开本: | 19cm | |
| 丛书名: | ||
| 单 册: | ||
| 中图分类: | H125.3 | |
| 科图分类: | ||
| 主题词: | 汉字--文字学 | |
| 电子资源: | ||
| ISBN: | ||
| 000 | 00712nam0 2200217 45 | |
| 001 | 0311171458 | |
| 005 | 20060508172711.51 | |
| 010 | @dCNY1.60 | |
| 091 | @a9060.669 | |
| 100 | @a20031117d1985 km y0chiy0120 ea | |
| 101 | 0 | @achi |
| 105 | @a z 001yy | |
| 200 | 1 | @a汉语拼音正词法论文选@AHan Yu Pin Yin Zheng Ci Fa Lun Wen Xuan@f《汉语拼音正词法论文选》编辑组编@F《Han Yu Pin Yin Zheng Ci Fa Lun Wen Xuan》Bian Ji Zu Bian |
| 210 | @a北京@c文字改革出版社@d1985.10 | |
| 215 | @a312页@d19cm | |
| 320 | @a附录:汉语拼音正词法部分文章索引(1950年—1984年) | |
| 606 | 0 | @a汉字@x文字学 |
| 690 | @aH125.3@v3 | |
| 711 | 02 | @a《汉语拼音正词法论文选》编辑组@4编 |
| 801 | @aCN@bTSTC@c20060508 | |
| 905 | @dH125.3@e15 | |
| 汉语拼音正词法论文选/《汉语拼音正词法论文选》编辑组编.-北京:文字改革出版社,1985.10 |
| 312页;19cm |
| ISBN :CNY1.60 |
| ● |
| 相关链接 |
|
|
|
|
正题名:汉语拼音正词法论文选
索取号:H125.3/15
 
预约/预借
| 序号 | 登录号 | 条形码 | 馆藏地/架位号 | 状态 | 备注 |
| 1 | 0158191 | 001525576 | 密集书库/ [索取号:H125.3/15] | 在馆 | |
| 2 | 0158192 | 001525647 | 密集书库/ [索取号:H125.3/15] | 在馆 | |
| 3 | 0158193 | 202314469 | 密集书库/ [索取号:H125.3/15] | 在馆 |